书目信息 |
| 题名: |
思想札记
|
|
| 作者: | 维特根斯坦 著 | |
| 分册: | ||
| 出版信息: | 长春 吉林大学出版社 2005 |
|
| 页数: | 231页 | |
| 开本: | 20cm | |
| 丛书名: | 西方人文思想经典 | |
| 单 册: | ||
| 中图分类: | I16 , B5 | |
| 科图分类: | ||
| 主题词: | 哲学--欧洲 , 人生哲学--通俗读物 | |
| 电子资源: | ||
| ISBN: | 7-5601-2855-6 | |
| 000 | 00950nam0 2200277 450 | |
| 000 | 00899nam0 2200253 450 | |
| 000 | 00862nam 2200241 45 | |
| 005 | 20070704120237.84 | |
| 010 | @a7-5601-2855-6@dCNY298.00(全10册) | |
| 100 | @a20050926d2005 ekmy0chiy0120 ea | |
| 101 | 1 | @achi@cger |
| 102 | @aCN@b220000 | |
| 105 | @ay z 000yy | |
| 200 | 1 | @a思想札记@ASi Xiang Zha Ji@f(奥)维特根斯坦著@F( Ao ) Wei Te Gen Si Tan Zhu |
| 210 | @a长春@c吉林大学出版社@d2005 | |
| 215 | @a231页@d20cm | |
| 225 | 2 | @a西方人文思想经典 |
| 330 | @a本书内容包括:此刻活着,也就永恒、这就是生活的乐趣吗、人是人心灵的最好图画、谁是命运的主宰、世界的意义在世界之外、漂亮的东西不会是美的、人的目光赋予事物以价值等。 | |
| 410 | 0 | @12001 @a西方人文思想经典 |
| 606 | 0 | @a哲学@x欧洲 |
| 606 | 0 | @a人生哲学@j通俗读物 |
| 690 | @aI16@v4 | |
| 690 | @aB5@v3 | |
| 701 | 1 | @a维特根斯坦@AWei Te Gen Si Tan@4著 |
| 801 | 0 | @aCN@bFYSX@c20070704 |
| 905 | @a10447@dB5@e43:7 | |
| 思想札记/(奥)维特根斯坦著.-长春:吉林大学出版社,2005 |
| 231页;20cm.-(西方人文思想经典) |
| ISBN 7-5601-2855-6:CNY298.00(全10册) |
| 本书内容包括:此刻活着,也就永恒、这就是生活的乐趣吗、人是人心灵的最好图画、谁是命运的主宰、世界的意义在世界之外、漂亮的东西不会是美的、人的目光赋予事物以价值等。 |
| ● |
| 相关链接 |
|
|
|
|
正题名:思想札记
索取号:B5/43:7
 
预约/预借
| 序号 | 登录号 | 条形码 | 馆藏地/架位号 | 状态 | 备注 |
| 1 | 0413843 | 204138432 | 第一样本阅览室/ [索取号:B5/43:7] | 在馆 | |
| 2 | 0413844 | 204138441 | 第一借阅区/ [索取号:B5/43:7] | 在馆 | |
| 3 | 0413845 | 204138450 | 第一借阅区/ [索取号:B5/43:7] | 在馆 | |
| 4 | 0413846 | 204138469 | 第一借阅区/ [索取号:B5/43:7] | 在馆 | |
| 5 | 0413847 | 204138478 | 密集书库/ [索取号:B5/43:7] | 在馆 | |
| 6 | 0564636 | 205646363 | 密集书库/ [索取号:B5/43:7] | 在馆 | |
| 7 | 0564637 | 205646372 | 第一借阅区/ [索取号:B5/43:7] | 在馆 | |
| 8 | 0564638 | 205646381 | 密集书库/ [索取号:B5/43:7] | 在馆 | |
| 9 | 0564639 | 205646390 | 密集书库/ [索取号:B5/43:7] | 在馆 | |
| 10 | 0564640 | 205646407 | 密集书库/ [索取号:B5/43:7] | 在馆 | |
| 11 | 0564641 | 205646416 | 密集书库/ [索取号:B5/43:7] | 在馆 | |
| 12 | 0564642 | 205646425 | 密集书库/ [索取号:B5/43:7] | 在馆 | |
| 13 | 0564643 | 205646434 | 教育系资料室/ [索取号:B5/43:7] | 在馆 |